Statistiken für 100 größte Städte Deutschlands

Klicken Sie hier um das Quiz zu spielen!

Allgemein

  • Dieses Quiz wurde 7.425 mal gespielt
  • Das Durchschnittsergebnis liegt bei 63 aus 100

Antwortstatistiken

BevölkerungStadtBundesland% Korrekt
3.613.495Berlin/
99%
1.830.584Hamburg/
99%
1.456.039MünchenBayern
99%
1.080.394KölnNRW
98%
568.006Bremen/
97%
746.878Frankfurt am MainHessen
97%
632.743StuttgartBaden-Württemberg
97%
586.600DortmundNRW
95%
617.280DüsseldorfNRW
95%
551.072DresdenSachsen
94%
535.061HannoverNiedersachsen
93%
581.980LeipzigSachsen
93%
515.201NürnbergBayern
92%
247.943KielSchleswig-Holstein
91%
583.393EssenNRW
90%
215.110MainzRheinland-Pfalz
86%
292.851AugsburgBayern
84%
212.988ErfurtThüringen
84%
180.966SaarbrückenSaarland
84%
175.710PotsdamBrandenburg
83%
325.490BonnNRW
82%
229.636Freiburg im BreisgauBaden-Württemberg
82%
238.478MagdeburgSachsen-Anhalt
82%
498.110DuisburgNRW
81%
307.997MannheimBaden-Württemberg
81%
208.409RostockMecklenburg-Vorpommern
81%
278.654WiesbadenHessen
81%
365.529BochumNRW
80%
246.272AachenNRW
78%
332.552BielefeldNRW
78%
260.305GelsenkirchenNRW
78%
311.919KarlsruheBaden-Württemberg
78%
246.855ChemnitzSachsen
76%
313.559MünsterNRW
75%
200.736KasselHessen
74%
95.797SchwerinMecklenburg-Vorpommern
73%
123.914WolfsburgNiedersachsen
73%
248.023BraunschweigNiedersachsen
72%
111.099JenaThüringen
72%
125.596UlmBaden-Württemberg
71%
216.318LübeckSchleswig-Holstein
70%
353.590WuppertalNRW
70%
239.173Halle (Saale)Sachsen-Anhalt
69%
163.577LeverkusenNRW
69%
262.188MönchengladbachNRW
69%
113.026Bremerhaven/
68%
160.601HeidelbergBaden-Württemberg
68%
164.374OsnabrückNiedersachsen
68%
150.894RegensburgBayern
67%
158.254DarmstadtHessen
66%
135.244IngolstadtBayern
66%
126.635WürzburgBayern
65%
88.519FlensburgSchleswig-Holstein
64%
113.844KoblenzRheinland-Pfalz
64%
149.075PaderbornNRW
63%
110.013TrierRheinland-Pfalz
63%
167.081OldenburgNiedersachsen
62%
126.526FürthBayern
61%
99.684KaiserslauternRheinland-Pfalz
60%
168.497Ludwigshafen am RheinRheinland-Pfalz
58%
211.422OberhausenNRW
57%
101.036CottbusBrandenburg
56%
126.658Offenbach am MainHessen
56%
119.529GöttingenNiedersachsen
55%
179.185HammNRW
55%
94.859GeraThüringen
53%
226.699KrefeldNRW
53%
110.998ErlangenBayern
48%
187.730HagenNRW
47%
125.113HeilbronnBaden-Württemberg
47%
156.490HerneNRW
46%
158.803SolingenNRW
46%
102.337SiegenNRW
45%
87.343GießenHessen
44%
84.440KonstanzBaden-Württemberg
44%
90.192ZwickauSachsen
44%
113.360RecklinghausenNRW
43%
117.364BottropNRW
42%
153.810NeussNRW
42%
124.289PforzheimBaden-Württemberg
42%
115.762ReutlingenBaden-Württemberg
41%
111.627Bergisch GladbachNRW
40%
101.744HildesheimNiedersachsen
40%
171.265Mülheim an der RuhrNRW
40%
96.130HanauHessen
39%
89.447TübingenBaden-Württemberg
39%
103.949MoersNRW
35%
110.584RemscheidNRW
35%
104.548SalzgitterNiedersachsen
35%
93.593LudwigsburgBaden-Württemberg
34%
99.315GüterslohNRW
32%
83.081WormsRheinland-Pfalz
32%
93.004Esslingen am NeckarBaden-Württemberg
28%
84.557Villingen-SchwenningenBaden-Württemberg
27%
90.502DürenNRW
25%
96.565WittenNRW
25%
92.928IserlohnNRW
23%
87.226RatingenNRW
19%
83.695MarlNRW
18%
86.465LünenNRW
16%

Verteilung der Resultate

Perzentil nach korrekt beantworteten Fragen

Anzahl Personen mit jedem Resultat

Ihre Resultats-Entwicklung

Sie haben dieses Quiz noch nicht gespielt